000
00295nam a22001217a 4500
008
170222b xxu||||| |||| 00| 0 eng d
041
_a
eng
080
_2
5TH
_a
616.31
100
_a
5
101
_a
SHS
245
_a
THEORY AND PRACTICE OF CROWN AND BRIDGE PROSTHODONTICS
_c
TYLMAN
942
_2
udc
_c
BK
999
_c
6030
_d
6030